[Event "FSGM March"]
[Site "Budapest HUN"]
[Date "2005.03.13"]
[Round "9"]
[White "Berczes,D"]
[Black "Greet,A"]
[Result "0-1"]
[WhiteElo "2313"]
[BlackElo "2389"]

1.d4 Nf6 2.c4 e6 3.Nf3 b6 4.Nc3 Bb4 5.Bg5 Bb7 6.Qc2 h6 7.Bh4 g5 8.Bg3 Ne4
9.Be5 Bxc3+ 10.bxc3 Rg8 11.d5 exd5 12.cxd5 Bxd5 13.Rd1 Bb7 14.e3 d6 15.Rd4 Nd7
16.Bb5 f5 17.h4 Qe7 18.hxg5 hxg5 19.Bc4 Rf8 20.Rh6 O-O-O 21.Be6 g4 22.Nh4 dxe5
23.Nxf5 Qa3 24.Ra4 Qxc3+ 25.Qxc3 Nxc3 26.Rc4 Ne4 27.f3 gxf3 28.gxf3 Nc5 29.Rxc5 bxc5
30.Rh7 Bc6 31.Ne7+ Kb7 32.Rh6 Nf6 33.Rh2 Bxf3 34.Rb2+ Ka8  0-1

[Event "TCh-SWE Elitserien 2004-5"]
[Site "Malmo SWE"]
[Date "2005.03.13"]
[Round "11"]
[White "Hamark,J"]
[Black "Von Bahr,O"]
[Result "1/2-1/2"]
[WhiteElo "2222"]
[BlackElo "2314"]

1.d4 Nf6 2.Nf3 e6 3.c4 b6 4.Nc3 Bb4 5.Bg5 Bb7 6.e3 h6 7.Bh4 g5 8.Bg3 Ne4
9.Qc2 Bxc3+ 10.bxc3 d6 11.Bd3 f5 12.d5 Nd7 13.Bxe4 fxe4 14.Qxe4 Qf6 15.Qxe6+ Qxe6
16.dxe6 Nc5 17.O-O Nxe6 18.Nd2 O-O 19.f3 Rf5 20.Nb3 Re8 21.e4 Rf7 22.Rab1 Ba6
23.Nd2 Nc5 24.Rfe1 Nd3 25.Re3 Ne5 26.Rb4 Bb7 27.Bxe5 Rxe5 28.Rb5 Rfe7 29.Nb3 Ba6
30.Rb4 Bc8 31.Rb5 Ba6 32.Rb4 Bc8 33.Rb5  1/2-1/2

[Event "FSGM March"]
[Site "Budapest HUN"]
[Date "2005.03.15"]
[Round "11"]
[White "Szeberenyi,A"]
[Black "Papp,Ga"]
[Result "1/2-1/2"]
[WhiteElo "2357"]
[BlackElo "2477"]

1.d4 Nf6 2.Nf3 e6 3.c4 b6 4.Nc3 Bb7 5.a3 d5 6.cxd5 exd5 7.g3 Ne4 8.Qa4+ Qd7
9.Qxd7+ Nxd7 10.Nb5 Kd8 11.Ng5 Nxg5 12.Bxg5+ f6 13.Bf4 c6 14.Nd6 Bxd6 15.Bxd6 Nf8
16.Bh3 Bc8 17.Bg2 Ne6 18.e3 Kd7 19.Bb4 f5 20.O-O a5 21.Bc3 Ba6 22.Rfe1 Bc4
23.a4 h5 24.Reb1 g5 25.b3 Bd3 26.Rd1 Ba6 27.f3 g4 28.e4 gxf3 29.exd5 cxd5
30.Bxf3 Bb7 31.Re1  1/2-1/2

[Event "ch-Privolzhsky Region"]
[Site "Ishevsk RUS"]
[Date "2005.03.17"]
[Round "2"]
[White "Filipenko,A"]
[Black "Tunik,G"]
[Result "0-1"]
[WhiteElo "2388"]
[BlackElo "2477"]

1.d4 Nf6 2.c4 e6 3.Nf3 b6 4.Nc3 Bb4 5.Bg5 Bb7 6.e3 h6 7.Bh4 g5 8.Bg3 Ne4
9.Qc2 Bxc3+ 10.bxc3 d6 11.Bd3 f5 12.d5 Nd7 13.Bxe4 fxe4 14.Qxe4 Qf6 15.Qxe6+ Qxe6
16.dxe6 Nc5 17.O-O Nxe6 18.Nd4 Nc5 19.f3 O-O-O 20.e4 Na4 21.e5 dxe5 22.Bxe5 Rh7
23.Rfe1 Nb2 24.Bf6 Rf8 25.Re6 Nxc4 26.Rae1 Bd5 27.Re8+ Rxe8 28.Rxe8+ Kb7
29.h4 gxh4 30.Bxh4 a5 31.Kf2 Na3 32.Re2 Bc4 33.Rb2 Bd3 34.Rd2 Bb1 35.Rb2 Bg6
36.g4 Bf7 37.f4 Rh8 38.Bf6 Re8 39.Nf5 Re6 40.g5 hxg5 41.fxg5 Re4 42.Kg3 Re1
43.Ne7 Nc4 44.Rg2 Nd6 45.Kf4 Ra1 46.g6 Rf1+ 47.Ke5 Nc4+ 48.Kd4 Rf4+ 49.Kd3 Rxf6
50.gxf7 Ne5+ 51.Ke4 Nxf7 52.Nd5 Re6+ 53.Kd4 Rd6 54.Re2 Nd8 55.c4 Rd7 56.Kc3 Nc6
57.Re3 Rh7 58.a4 Rh4 59.Re8 Rh3+ 60.Re3 Rh1 61.Re4 Rh3+ 62.Re3 Rxe3+ 63.Nxe3 Ne5
64.Kd4 Nd7 65.Nd5 Nc5 66.Nc3 Kc6 67.Ke5 Nd3+ 68.Ke4 Nb2 69.Kd4 Kd6 70.Nb5+ Kd7
71.Nc3 Kc6 72.Ke3 Kc5 73.Kd2 Kxc4 74.Kc2 Nd3 75.Nb5 Nb4+ 76.Kb2 Nd5 77.Ka3 Kc5
78.Na7 c6 79.Nc8 b5 80.Kb3 Nb6  0-1

[Event "ch-DEN KO"]
[Site "Koege DEN"]
[Date "2005.03.22"]
[Round "2.1"]
[White "Palo,D"]
[Black "Pedersen,NV"]
[Result "1/2-1/2"]
[WhiteElo "2541"]
[BlackElo "2460"]

1.d4 Nf6 2.c4 e6 3.Nf3 b6 4.Nc3 Bb7 5.a3 d5 6.cxd5 Nxd5 7.Bd2 Nd7 8.Nxd5 exd5
9.e3 Bd6 10.Bb4 c5 11.dxc5 bxc5 12.Bc3 O-O 13.Be2 Nf6 14.O-O Qe7 15.b4 Ne4
16.Bb2 cxb4 17.axb4 Bxb4 18.Qd4 f6 19.Ba6 Rfd8 20.Rfc1 Bc5 21.Qa4 Bxa6 22.Qxa6 Rd6
23.Qd3 Qd7 24.Nd2 Nxd2 25.Rxc5 Nc4 26.Bc3 Kh8 27.h3 h6 28.e4 Nb6  1/2-1/2

[Event "ch-EU"]
[Site "Cork IRL"]
[Date "2005.03.23"]
[Round "2"]
[White "Quinn,M"]
[Black "Joentausta,H"]
[Result "1-0"]
[WhiteElo "2395"]
[BlackElo "2162"]

1.d4 Nf6 2.c4 e6 3.Nf3 b6 4.Nc3 Bb4 5.Bg5 h6 6.Bh4 g5 7.Bg3 Ne4 8.Qc2 f5
9.e3 Bb7 10.Bd3 Bxc3+ 11.bxc3 d6 12.d5 exd5 13.Nd4 Qf6 14.f3 Nxg3 15.hxg3 Nd7
16.cxd5 Bxd5 17.Bxf5 Nc5 18.Rd1 Bb7 19.Bg6+ Kf8 20.O-O Kg7 21.Bh5 Rhf8 22.e4 Kh8
23.c4 Qe5 24.Kh2 Nxe4 25.Ne2 Nc5 26.Rfe1 Qf6 27.Nd4 Rad8 28.Re3 d5 29.cxd5 Rxd5
30.Nb5 c6 31.Nc7 Rxd1 32.Qxd1 Qd8 33.Qa1+ Qf6 34.Qe1 Bc8 35.Ne8 Qd4 36.Re7 Bd7
37.Bg6 Bxe8 38.Bxe8 Qf6 39.Rxa7 Nd3 40.Qe4 Qf5 41.Qxc6  1-0

[Event "Open"]
[Site "Coventry ENG"]
[Date "2005.03.25"]
[Round "2"]
[White "Stocek,J"]
[Black "Hinks Edwards,T"]
[Result "1-0"]
[WhiteElo "2586"]
[BlackElo "2383"]

1.d4 Nf6 2.c4 e6 3.Nf3 b6 4.Nc3 Bb4 5.Bg5 Bb7 6.Qc2 h6 7.Bh4 g5 8.Bg3 Ne4
9.Be5 Bxc3+ 10.bxc3 Rg8 11.d5 f5 12.Nd4 Nc5 13.dxe6 dxe6 14.Nb5 Nba6 15.Rd1 Qe7
16.f3 Kf7 17.g4 Kg6 18.h4 Rgf8 19.Bh3 Bc8 20.Nd4 Bd7 21.h5+ Kf7 22.gxf5 exf5
23.Bxf5 Qxe5 24.Bxd7 Rg8 25.Bc6  1-0

[Event "Alpress Cup"]
[Site "Frydek Mistek CZE"]
[Date "2005.03.25"]
[Round "3"]
[White "Stanisz,P"]
[Black "Konstacky,M"]
[Result "1-0"]
[WhiteElo "2139"]
[BlackElo "1866"]

1.d4 Nf6 2.c4 e6 3.Nf3 b6 4.Nc3 Bb4 5.Qc2 Bb7 6.g3 Qe7 7.Bg2 Bxc3+ 8.Qxc3 Ne4
9.Qb3 f5 10.O-O d6 11.Ng5 Nd7 12.Nxe4 fxe4 13.Qc2 Nf6 14.Bg5 d5 15.f3 exf3
16.exf3 O-O 17.c5 bxc5 18.dxc5 e5 19.Rfe1 Rae8 20.c6 Bc8 21.Rad1 Qd6 22.f4 e4
23.Bxf6 gxf6 24.Bf1 Bf5 25.Rxd5 Qb4 26.Qd2 Qxd2 27.Rxd2 Bg4 28.h3 Bf3 29.Rd7 Rd8
30.Bg2 Bxg2 31.Kxg2 Rxd7 32.cxd7 Rd8 33.Rd1 Kf7 34.f5 Ke7 35.Kf2 Rb8 36.d8=Q+ Rxd8
37.Rxd8 Kxd8 38.Ke3 Kd7 39.Kxe4 Kd6 40.g4 h6 41.h4 c5 42.Kf4 c4 43.g5 hxg5+
44.hxg5 fxg5+ 45.Kxg5 Ke7 46.f6+ Kf7 47.Kf5 a5 48.a4 Kf8 49.Ke6 Ke8 50.Kd5 Kf7
51.Kxc4 Kxf6 52.Kb5 Ke6 53.Kxa5 Kd7 54.Kb6 Kc8 55.Ka7  1-0

[Event "Open"]
[Site "Coventry ENG"]
[Date "2005.03.26"]
[Round "4"]
[White "Zude,E"]
[Black "Hagesaether,A"]
[Result "1/2-1/2"]
[WhiteElo "2399"]
[BlackElo "2178"]

1.d4 Nf6 2.c4 e6 3.Nf3 b6 4.Nc3 Bb4 5.Bg5 Bb7 6.e3 h6 7.Bh4 g5 8.Bg3 Ne4
9.Nd2 Nxc3 10.bxc3 Bxc3 11.Rc1 Ba5 12.h4 Rg8 13.hxg5 hxg5 14.c5 Nc6 15.a3 bxc5
16.Rxc5 Qe7 17.Qa4 Bb6 18.Rc2 f5 19.f4 e5 20.fxe5 f4 21.Bf2 fxe3 22.Bxe3 Nxe5
23.dxe5 Qxe5 24.Nc4 Qg3+ 25.Bf2 Bxf2+ 26.Rxf2 Rf8 27.Nd6+ cxd6  1/2-1/2

[Event "Open"]
[Site "Coventry ENG"]
[Date "2005.03.27"]
[Round "6"]
[White "Chipanga,T"]
[Black "Sowray,P"]
[Result "1/2-1/2"]
[WhiteElo "2189"]
[BlackElo "2342"]

1.d4 Nf6 2.c4 e6 3.Nf3 b6 4.Nc3 Bb4 5.Bg5 h6 6.Bh4 Bb7 7.e3 Bxc3+ 8.bxc3 d6
9.Qc2 Qe7 10.Be2 Nbd7 11.O-O O-O 12.Nd2 e5 13.Rae1 Rfe8 14.d5 Nf8 15.Ne4 g5
16.Bg3 Nxe4 17.Qxe4 Bc8 18.Bg4 Ng6 19.Bf5 Qf6 20.Bxc8 Raxc8 21.Qg4 Rcd8 22.f3 Re7
23.Rf2 Rf8 24.Ref1 Qg7 25.Qf5 Ree8 26.f4 f6 27.Qh3 exf4 28.exf4 Re3 29.fxg5 fxg5
30.Rxf8+ Nxf8 31.Qf5 Rxc3 32.Qe4 Ra3 33.Bf2 Qe5 34.Qg4 Rd3 35.Qh5 Qg7 36.Qe2 Qg6
37.Qe7 Qh7 38.Qe8 Qd7 39.Qe4 Qh7 40.Qg4 Rd2 41.Be3 Rd3 42.Bd4 Qe7 43.h4 Rd2
44.hxg5 Qe2 45.Qxe2 Rxe2 46.gxh6 Ng6 47.Rf2 Re4 48.Rf6 Kh7 49.Rf7+ Kxh6 50.Bg7+ Kg5
51.Rxc7 Nf4 52.Bf8 Re2 53.Bxd6 Rxg2+ 54.Kf1 Rxa2 55.Bxf4+ Kxf4 56.d6 Rd2
57.d7 a5 58.Ke1 Rd4 59.Rb7 Ke3 60.Rxb6 Rxd7 61.Ra6 Rh7 62.Kd1 Rh5 63.Kc2 Kd4
64.Kb3 Rh3+ 65.Ka4 Kxc4 66.Kxa5  1/2-1/2

[Event "Open"]
[Site "Coventry ENG"]
[Date "2005.03.27"]
[Round "7"]
[White "Williams,Si"]
[Black "Tkachiev,V"]
[Result "1/2-1/2"]
[WhiteElo "2487"]
[BlackElo "2609"]

1.d4 Nf6 2.c4 e6 3.Nf3 b6 4.Nc3 Bb7 5.Bg5 h6 6.Bh4 Be7 7.Qc2 d5 8.cxd5 Nxd5
9.Bxe7 Qxe7 10.Nxd5 Bxd5 11.e4 Bb7 12.Bb5+ c6 13.Bd3 O-O 14.O-O c5 15.dxc5 Rc8
16.b4 bxc5 17.b5 a6  1/2-1/2

[Event "ch-VIE Prelim w"]
[Site "Hue VIE"]
[Date "2005.04.07"]
[Round "6"]
[White "Pham Thi Ngoc Tu"]
[Black "Hoang Thi Bao Tram"]
[Result "0-1"]
[WhiteElo "2078"]
[BlackElo "2267"]

1.d4 Nf6 2.Nf3 e6 3.c4 b6 4.Nc3 Bb7 5.e3 Be7 6.Bd3 c5 7.O-O O-O 8.Qe2 Nc6
9.Rd1 cxd4 10.exd4 d5 11.Bf4 Nb4 12.b3 Nxd3 13.Qxd3 Rc8 14.Ne5 dxc4 15.bxc4 Ba6
16.Nb5 Nd7 17.Qb3 Bxb5 18.cxb5 Nxe5 19.dxe5 Qc7 20.Rac1 Bc5 21.Rd3 Qb7 22.Re1 a6
23.a4 axb5 24.axb5 Qa7 25.Rh3 Rfd8 26.Qg3 Qa2 27.Rf1 Qc2 28.Qf3 Bd4 29.Rh5 Rc3
30.Qg4 Rb3 31.g3 Rb1 32.Rxb1 Qxb1+ 33.Kg2 Qe1 34.Kh3 Bxf2 35.Rg5 g6 36.Rh5  0-1

[Event "1st ch-SCG"]
[Site "Kopaonik SCG"]
[Date "2005.04.09"]
[Round "8"]
[White "Damljanovic,B"]
[Black "Pikula,D"]
[Result "1/2-1/2"]
[WhiteElo "2588"]
[BlackElo "2485"]

1.d4 Nf6 2.Nf3 e6 3.c4 b6 4.Nc3 Bb4 5.Bg5 Bb7 6.Nd2 h6 7.Bh4 Bxc3 8.bxc3 d6
9.f3 Nbd7 10.e4 e5 11.Bd3 Nf8 12.Bf2 Ne6 13.g3 h5 14.h4 Nd7 15.Nb3 c5 16.d5 Nef8
17.a4 g5 18.Nd2 gxh4 19.gxh4 Ng6 20.Nf1 Nf4 21.Ne3 a5 22.Bf1 Nf8 23.Kd2 Bc8
24.Kc1 N8g6 25.Kb2 Kd7  1/2-1/2

[Event "7th Rector Cup w"]
[Site "Kharkiv UKR"]
[Date "2005.04.23"]
[Round "4"]
[White "Alexanian,N"]
[Black "Karlovich,A"]
[Result "1/2-1/2"]
[WhiteElo "2211"]
[BlackElo "2225"]

1.d4 Nf6 2.c4 e6 3.Nf3 b6 4.Nc3 Bb4 5.Bg5 h6 6.Bh4 O-O 7.e3 c5 8.Bd3 Bb7
9.O-O d5 10.a3 cxd4 11.Nb5 Be7 12.Nbxd4 Nbd7 13.cxd5 Bxd5 14.Bc2 Ne4 15.Bxe7 Qxe7
16.Rc1 Rac8 17.Ba4 Ndc5 18.Bb5 a6 19.Bc4 Bxc4 20.Rxc4 e5 21.Ne2 b5 22.Rc2 Rcd8
23.Qe1 Nd3 24.Qb1 Rd6 25.Nc1 Ndc5 26.b4 Na4 27.Ne2 Rfd8 28.h3 Nb6 29.Rc5 Nd2
30.Nxd2 Rxd2 31.Nc3 Nc4 32.a4 Rb2 33.Qf5 Rxb4 34.Rc6 bxa4 35.Rc1 Qd7  1/2-1/2

[Event "SME Open"]
[Site "Ostrava CZE"]
[Date "2005.05.02"]
[Round "3"]
[White "Hrtanek,J"]
[Black "Normann,O"]
[Result "1/2-1/2"]
[WhiteElo "2218"]
[BlackElo "1988"]

1.d4 Nf6 2.Nf3 e6 3.c4 b6 4.Nc3 Bb7 5.Bg5 Be7 6.e3 h6 7.Bh4 O-O 8.Bd3 d5
9.cxd5 exd5 10.O-O Ne4 11.Bxe7 Qxe7 12.Rc1 c5 13.Re1 Nd7 14.Bb1 Rfd8 15.Qc2 Rac8
16.Nd2 Ndf6 17.Ndxe4 dxe4 18.Rcd1 Re8 19.Rd2 Ba6 20.Qa4 Qb7 21.dxc5 bxc5
22.Red1 Re6 23.Rd6 Rxd6 24.Rxd6 Bd3 25.Bxd3  1/2-1/2

[Event "62nd ch-POL"]
[Site "Poznan POL"]
[Date "2005.05.03"]
[Round "12"]
[White "Moranda,W"]
[Black "Macieja,B"]
[Result "1/2-1/2"]
[WhiteElo "2452"]
[BlackElo "2613"]

1.d4 Nf6 2.c4 e6 3.Nf3 b6 4.Nc3 Bb7 5.Bg5 Be7 6.e3 h6 7.Bh4 O-O 8.Be2 d6
9.Qc2 Nbd7 10.Rd1 c5 11.O-O a6 12.dxc5 Nxc5 13.Bxf6 gxf6 14.Nd4 f5 15.Bf3 Bxf3
16.Nxf3 Rc8 17.Qe2 Qc7 18.Rc1 Qb7 19.Rfd1 Rfd8 20.Nd4 Bf6 21.Rc2 Bg7 22.Rcd2 Ne4
23.Nxe4 Qxe4 24.b3 Rd7 25.Rd3 Rcd8 26.Qf3 Qxf3 27.gxf3 Rc7 28.a4 Bf8 29.Kf1 Be7
30.R3d2 Rdc8 31.Ra2 Rc5 32.Ke2 Kf8 33.Kd3 d5 34.cxd5 Rxd5 35.Ke2 Ke8 36.Rc2 Rxc2+
37.Nxc2 Rc5 38.Ne1 f4 39.Nd3 Rc3 40.Rc1 Rxb3 41.Rc8+ Bd8 42.Ra8 fxe3 43.fxe3 Rc3
44.Kd2 Rc4 45.Rxa6 Bc7 46.Ra8+ Kd7 47.f4 Kc6 48.Rh8 Rxa4 49.Rxh6 b5 50.Rf6 Ra2+
51.Kc3 Ba5+ 52.Kb3 Re2 53.Rxf7 Rxe3 54.Kc2 Re2+ 55.Kb3 Re3 56.Kc2 Re2+ 57.Kb3 Rxh2
58.f5 Rd2 59.Nb4+ Bxb4 60.Kxb4 e5 61.Rf6+ Kd5 62.Kxb5 Rb2+ 63.Ka4 Ke4 64.Rf8 Kf4
65.f6 Kf5 66.Ka5 Ke6 67.f7 Re2 68.Kb4 Re3 69.Kc4 Ke7 70.Ra8 Kxf7 71.Ra6 e4
72.Kd4 Re1 73.Ra3 Ke6 74.Re3 Rxe3 75.Kxe3 Ke5  1/2-1/2

[Event "SME Open"]
[Site "Ostrava CZE"]
[Date "2005.05.05"]
[Round "6"]
[White "Plesnik,M"]
[Black "Kolar,St"]
[Result "0-1"]
[WhiteElo "2040"]
[BlackElo "2157"]

1.d4 Nf6 2.c4 e6 3.Nc3 b6 4.Nf3 Bb7 5.Bg5 Be7 6.e3 Ne4 7.Bxe7 Qxe7 8.Bd3 f5
9.Bxe4 fxe4 10.Nd2 Qg5 11.O-O d5 12.f4 Qh6 13.Qa4+ Bc6 14.Qb3 Qh5 15.f5 exf5
16.cxd5 Bd7 17.Nb5 Na6 18.Qa4 Qe2 19.Qxa6 Bxb5 20.Qa3 g6 21.Qc3 O-O 22.a4 Ba6
23.Rf2 Qd3 24.Rc1 Rf7 25.b4 Qxc3 26.Rxc3 Bd3 27.Nb3 Rd8 28.Nc1 Ba6 29.Rfc2 Rdd7
30.Na2 Bd3 31.Rc1 a6 32.Rc6 f4 33.exf4 Rxf4 34.g3 Rff7  0-1

[Event "62nd ch-GEO w"]
[Site "Tblisi GEO"]
[Date "2005.05.05"]
[Round "1"]
[White "Javakhishvili,L"]
[Black "Gurieli,N"]
[Result "1-0"]
[WhiteElo "2430"]
[BlackElo "2348"]

1.d4 Nf6 2.c4 e6 3.Nf3 b6 4.Nc3 Bb4 5.Bg5 h6 6.Bh4 Bb7 7.Nd2 Be7 8.e4 O-O
9.Bg3 d5 10.cxd5 exd5 11.e5 Nfd7 12.Be2 c5 13.Nf3 cxd4 14.Nxd4 Nc5 15.O-O Ne4
16.Nf5 Bc5 17.Bh4 Qc7 18.Nxe4 dxe4 19.Bf6 Nd7 20.Bxg7 Rfd8 21.Qb3 e3 22.fxe3  1-0

[Event "Open A"]
[Site "Djakovo CRO"]
[Date "2005.05.06"]
[Round "8"]
[White "Jovanic,O"]
[Black "Markus,R"]
[Result "1-0"]
[WhiteElo "2435"]
[BlackElo "2584"]

1.d4 Nf6 2.c4 e6 3.Nf3 b6 4.Nc3 Bb4 5.Bg5 Bb7 6.e3 h6 7.Bh4 g5 8.Bg3 Ne4
9.Qc2 Bxc3+ 10.bxc3 d6 11.Bd3 f5 12.d5 exd5 13.cxd5 Bxd5 14.Nd4 Qf6 15.f3 Nxg3
16.hxg3 Nd7 17.Bxf5 Nc5 18.f4 O-O 19.O-O-O Rae8 20.Bh7+ Kh8 21.Bg6 Be4 22.Rxh6+ Kg7
23.Rh7+ Kg8 24.Bxe4 Rxe4 25.Rdh1 gxf4 26.gxf4 Qg6 27.R7h6 Qg3 28.R6h3 Qg4
29.Rh5  1-0

[Event "SME Open"]
[Site "Ostrava CZE"]
[Date "2005.05.06"]
[Round "7"]
[White "Adamek,J"]
[Black "Cvek,R"]
[Result "0-1"]
[WhiteElo "2205"]
[BlackElo "2490"]

1.d4 Nf6 2.Nf3 b6 3.c4 e6 4.Nc3 Bb4 5.Bg5 Bb7 6.g3 h6 7.Bxf6 Bxc3+ 8.bxc3 Qxf6
9.Bg2 O-O 10.O-O Qe7 11.e3 d6 12.Nd2 Bxg2 13.Kxg2 Nc6 14.Qa4 Qe8 15.Rae1 e5
16.f4 Na5 17.Qxe8 Rfxe8 18.e4 f6 19.Kf3 Re7 20.Rb1 Rae8 21.d5 exf4 22.gxf4 f5
23.Rbe1 fxe4+ 24.Ke3 c6 25.Rg1 Kh7 26.Rg4 cxd5 27.cxd5 Rc8 28.Kd4 e3 29.Nf1 Rc4+
30.Kd3 Rec7 31.Nxe3 Rxc3+ 32.Ke2 Nc4 33.Nf5 g6 34.Nd4 Re3+ 35.Kf2 Rxe1 36.Kxe1 Ne3
37.Rg3 Nxd5 38.f5 g5 39.Nb5 Re7+ 40.Kd2 Nf6 41.Ra3 a5 42.Rb3 Ne4+ 43.Kd1 Re5
44.Na7 Rxf5 45.Rxb6 Rf2 46.Nb5 Rxa2  0-1

[Event "ch-FRA Top 16 Poule Basse"]
[Site "Port Barcares FRA"]
[Date "2005.05.06"]
[Round "10"]
[White "Lebreton,F"]
[Black "Nguyen Chi Minh"]
[Result "0-1"]
[WhiteElo "1949"]
[BlackElo "2375"]

1.d4 e6 2.Nf3 Nf6 3.c4 b6 4.Nc3 Bb4 5.Bg5 Bb7 6.e3 h6 7.Bh4 Bxc3+ 8.bxc3 d6
9.Bd3 g5 10.Bg3 Nbd7 11.Qc2 Qe7 12.e4 e5 13.Nd2 Nh5 14.f3 Nxg3 15.hxg3 Qf6
16.Qb2 h5 17.O-O-O O-O-O 18.Kc2 h4 19.g4 Nf8 20.Rb1 Ne6 21.Nb3 h3 22.gxh3 exd4
23.cxd4 Qxf3 24.Nd2 Qe3 25.Rbe1 Nxd4+ 26.Kc3 Qg3  0-1

[Event "ch-FRA National 1"]
[Site "Lille FRA"]
[Date "2005.05.07"]
[Round "10"]
[White "Inkiov,V"]
[Black "Le Roux,JP"]
[Result "1-0"]
[WhiteElo "2474"]
[BlackElo "2466"]

1.d4 Nf6 2.c4 e6 3.Nf3 b6 4.Nc3 Bb7 5.a3 d5 6.cxd5 Nxd5 7.Qc2 Nxc3 8.Qxc3 Bd6
9.Bg5 f6 10.Bh4 O-O 11.e3 Bxf3 12.gxf3 Qe8 13.Bg3 a6 14.Qb3 b5 15.a4 bxa4
16.Rxa4 Nc6 17.Bc4 Rb8 18.Qc2 Nb4 19.Qd1 Kh8 20.O-O e5 21.b3 Qh5 22.dxe5 fxe5
23.f4 Qe8 24.fxe5 Bxe5 25.Ra5 Bxg3 26.hxg3 Rb6 27.Qh5 Rg6 28.Rg5 Rxg5 29.Qxg5 Nc6
30.Bxa6 Ne5 31.Be2 Qe6 32.Rd1 h6 33.Qh5 c5 34.e4 Qf6 35.f4 Ng6 36.e5 Qb6
37.Rd6 Qxb3 38.Qxg6 c4 39.Rd7 Qe3+ 40.Kh1 Rg8 41.Bf1 Qc1 42.Kg2 Qb2+ 43.Kh3  1-0

[Event "ch-FRA National 1"]
[Site "Lille FRA"]
[Date "2005.05.07"]
[Round "10"]
[White "Svetushkin,D"]
[Black "Pham Minh Hoang"]
[Result "0-1"]
[WhiteElo "2530"]
[BlackElo "2455"]

1.d4 Nf6 2.c4 e6 3.Nf3 b6 4.Nc3 Bb4 5.Bg5 Bb7 6.Nd2 h6 7.Bh4 Qe7 8.a3 Bxc3
9.bxc3 c5 10.f3 d5 11.e3 e5 12.cxd5 exd4 13.Ne4 g5 14.Nxf6+ Qxf6 15.Bb5+ Nd7
16.Bg3 dxe3 17.O-O O-O-O 18.Qa4 a5 19.Rab1 h5 20.h3 h4 21.Bh2 Rhe8 22.Rfe1 Qxc3
23.Rec1 Qf6 24.Bd3 Bxd5 25.Be2 Bb7 26.Rc2 Qg6 27.Bb5 e2 28.Re1 f5 29.Rd2 Qg7
30.Qc2 f4 31.Qf5 Re5 32.Bxd7+ Kc7 33.Bxf4 gxf4 34.Qxf4 Qg3  0-1

[Event "SME Open"]
[Site "Ostrava CZE"]
[Date "2005.05.07"]
[Round "8"]
[White "Vesely,Ma"]
[Black "Adamek,J"]
[Result "1-0"]
[WhiteElo "2149"]
[BlackElo "2205"]

1.d4 Nf6 2.Nf3 e6 3.c4 b6 4.Nc3 Bb7 5.Bg5 Bb4 6.Qb3 Bxc3+ 7.Qxc3 d6 8.Nd2 Nbd7
9.f3 h6 10.Bh4 Qe7 11.Bf2 e5 12.e4 c5 13.d5 Nh5 14.g3 Ndf6 15.Bg2 Bc8 16.O-O O-O
17.Be3 Kh7 18.a3 g6 19.b4 Nd7 20.f4 f5 21.Rae1 Qg7 22.Qc2 exf4 23.gxf4 a5
24.bxc5 bxc5 25.e5 Nxf4 26.Bxf4 dxe5 27.Bg3 e4 28.Nxe4 fxe4 29.Bxe4 Ba6 30.Bxg6+ Kh8
31.Bf5 Qd4+ 32.Bf2 Rg8+ 33.Kh1 Qxc4 34.Qb2+ Rg7 35.Rg1  1-0

[Event "ch-LTU"]
[Site "Siauliai LTU"]
[Date "2005.05.08"]
[Round "3"]
[White "Kveinys,A"]
[Black "Novikov,Vi"]
[Result "1/2-1/2"]
[WhiteElo "2539"]
[BlackElo "2338"]

1.d4 e6 2.Nf3 Nf6 3.c4 b6 4.Nc3 Bb4 5.Bg5 h6 6.Bh4 Bxc3+ 7.bxc3 Bb7 8.Nd2 d6
9.f3 e5 10.e4 Qe7 11.Bd3 c5 12.O-O Nbd7 13.Bc2 g5 14.Bf2 Nh5 15.Re1 Ng7 16.Nf1 O-O
17.Ne3 Nf6 18.Qd2 Nfh5 19.a4 Nf4 20.a5 Bc6 21.Nd5 Bxd5 22.cxd5 Rab8 23.Be3 f6
24.g3 Ng6 25.Bd3 Qc7 26.axb6 axb6 27.Bb5 f5 28.Bf2 f4 29.g4 Ne8 30.Ra2 Nf6
31.Rea1 Rf7 32.dxc5 bxc5 33.c4 Kg7 34.Ra6 Rb6 35.Be1 Nh4 36.Bxh4 Rxa6 37.Rxa6 gxh4
38.Qf2 Nh7 39.Qxh4 Ng5 40.Kg2 Qb8 41.Qe1 Ra7 42.Qa5 Rxa6 43.Qxa6 Nf7  1/2-1/2

[Event "FSGM May"]
[Site "Budapest HUN"]
[Date "2005.05.09"]
[Round "3"]
[White "Berczes,D"]
[Black "Nguyen Ngoc Truongson"]
[Result "1/2-1/2"]
[WhiteElo "2342"]
[BlackElo "2527"]

1.d4 Nf6 2.c4 e6 3.Nf3 b6 4.Nc3 Bb4 5.Bg5 Bb7 6.Nd2 h6 7.Bh4 g5 8.Bg3 Bxc3
9.bxc3 d6 10.a4 a5 11.c5 dxc5 12.dxc5 Nbd7 13.cxb6 Nxb6 14.e4 Nxe4 15.Bb5+ Ke7
16.Nxe4 Qxd1+ 17.Rxd1 Bxe4 18.Bxc7 Nd5 19.f3 Bc2 20.Rd2 Bb3 21.Be5 Rhc8 22.Rb2 Bc4
23.h4 Nf4 24.Bxc4 Rxc4 25.Rb7+ Kf8 26.O-O gxh4 27.Rfb1 Ng6 28.Bf6 Kg8 29.Rb8+ Rxb8
30.Rxb8+ Kh7 31.Rb7 Nf4 32.Rxf7+ Kg6 33.Rf8 Rxa4 34.Be5 Nd3 35.Bd4 e5 36.Be3 Ra1+
37.Kh2 a4 38.Rd8 Nb2 39.Ra8 Nd1 40.Ra6+ Kf7 41.Bc5 Nxc3 42.Bd6 e4 43.Be5 Rc1
44.Bxc3 Rxc3 45.Rxa4 exf3 46.Rf4+ Kg6 47.Rxf3  1/2-1/2

[Event "Huila Centenary"]
[Site "Neiva COL"]
[Date "2005.05.11"]
[Round "2"]
[White "Dobrov,V"]
[Black "Tiviakov,S"]
[Result "0-1"]
[WhiteElo "2521"]
[BlackElo "2631"]

1.d4 Nf6 2.c4 e6 3.Nf3 b6 4.Nc3 Bb4 5.Qc2 Bb7 6.a3 Bxc3+ 7.Qxc3 d6 8.e3 Nbd7
9.Be2 O-O 10.O-O Ne4 11.Qc2 f5 12.b4 Rf6 13.d5 exd5 14.Bb2 Rg6 15.cxd5 Bxd5
16.Bc4 Bxc4 17.Qxc4+ Kh8 18.Qf7 c5 19.Qxf5 Qe7 20.Ne5 Nxe5 21.Qxe4 Re8 22.Rad1 Nf7
23.Qxe7 Rxe7 24.Rd3 Rge6 25.Rc1 Kg8 26.Kf1 Kf8 27.Ke2 Rh6 28.h3 Rg6 29.g3 Ng5
30.h4 Ne4 31.Kf3 Ke8 32.Rd5 Kd7 33.b5 Rge6 34.Kg2 Nf6 35.Rf5 Ne8 36.Kf3 Re4
37.Rf4 R4e6 38.Rd1 Nc7 39.a4 Ke8 40.e4 a6 41.bxa6 Nxa6 42.Bc3 Nc7 43.h5 Kd7
44.Rg4 g6 45.h6 Kc6 46.Bg7 d5 47.exd5+ Nxd5 48.Rg5 Nf6 49.Rd8 Ne8 50.Bh8 Nd6
51.Rg4 Nf7 52.Rc8+ Kd7 53.Rf8 Nxh6 54.Rh4 Nf7 55.Rf4 Nd6 56.Ra8 Kc6 57.Bf6  0-1

[Event "Torch Real Estate Cup"]
[Site "Wuxi CHN"]
[Date "2005.05.11"]
[Round "10"]
[White "Lin Weiguo"]
[Black "Wang Hao"]
[Result "0-1"]
[WhiteElo "2448"]
[BlackElo "2484"]

1.d4 e6 2.c4 Nf6 3.Nf3 b6 4.Nc3 Bb7 5.Bg5 h6 6.Bh4 g5 7.Bg3 Nh5 8.e4 d6 9.d5 Nxg3
10.hxg3 Bg7 11.dxe6 fxe6 12.Nd4 Qf6 13.Qh5+ Ke7 14.Ndb5 Kd7 15.Be2 a6 16.e5 dxe5
17.O-O-O+ Kc8 18.Na3 Bxg2 19.Bg4 Nd7 20.Rhe1 e4 21.Rd2 Nc5 22.Nd5 Qf8 23.b4 Nd3+
24.Rxd3 exd3 25.f3 Kb7 26.Rxe6 Re8 27.Qg6 Rxe6 28.Qxe6 Bxf3 29.Ne7 Bc3 30.Nb1 Bxb4
31.Ng6 Ba3+  0-1

[Event "ch-UKR w"]
[Site "Alushta UKR"]
[Date "2005.05.16"]
[Round "1"]
[White "Ostroverkhova,E"]
[Black "Zdebskaja,N"]
[Result "0-1"]
[WhiteElo "2074"]
[BlackElo "2344"]

1.d4 Nf6 2.Nf3 e6 3.c4 b6 4.Nc3 Bb7 5.Bg5 Be7 6.e3 O-O 7.Bd3 h6 8.Bh4 c5
9.O-O d6 10.e4 cxd4 11.Nxd4 Nbd7 12.Qe2 Nc5 13.Rad1 Nfxe4 14.Nxe4 Bxh4 15.Nxc5 bxc5
16.Nxe6 fxe6 17.Qxe6+ Rf7 18.Bg6 Qf6 19.Bxf7+ Qxf7 20.Qg4 Be7 21.Qd7 Bf8
22.Qg4 Re8 23.Rfe1 Bc8 24.Qh4 g5 25.Qg3 Rxe1+ 26.Rxe1 Qxc4 27.h4 Qf4 28.Qb3+ Qf7
29.Qg3 g4 30.b3 h5 31.Qe3 Bb7 32.Qg5+ Kh7 33.Rd1 Bh6 34.Qd8 Bf4 35.Re1 Be5
36.Qg5 Bc8 37.Qd8 Bf5 38.Qg5 Bg6 39.g3 a6 40.Re2 Qf6 41.Qd2 Bd4 42.Qe1 Qf3
43.Re7+ Kh8 44.Re6 Qxg3+ 45.Kh1 Qxh4+ 46.Kg2 Qh3+ 47.Kg1 Qg3+ 48.Kh1 Qf3+
49.Kg1 g3  0-1

[Event "ch-UKR w"]
[Site "Alushta UKR"]
[Date "2005.05.17"]
[Round "2"]
[White "Maiko,A"]
[Black "Rudakova,Z"]
[Result "1/2-1/2"]
[WhiteElo "2075"]
[BlackElo "2121"]

1.d4 Nf6 2.c4 e6 3.Nc3 b6 4.Nf3 Bb7 5.Bg5 Be7 6.e3 d6 7.Be2 Nbd7 8.O-O Ne4
9.Bxe7 Qxe7 10.Qc2 f5 11.d5 Nxc3 12.Qxc3 e5 13.b4 O-O 14.Nd2 Nf6 15.a4 g5
16.Bd3 Bc8 17.a5 Bd7 18.axb6 axb6 19.Rxa8 Rxa8 20.Ra1 Rxa1+ 21.Qxa1 f4 22.Ne4 Bf5
23.Nxf6+ Qxf6 24.e4 Bg4 25.f3 Bh5 26.h3 Qd8 27.Qa7 Be8 28.c5 bxc5 29.bxc5 h5
30.Be2 Qc8 31.cxd6 cxd6 32.Qe7 Qd7 33.Qxg5+ Qg7 34.Qxg7+ Kxg7 35.h4 Ba4 36.Kf2 Kf6
37.g3 Bc2 38.Kg2 Bb1 39.Kh3 Bc2 40.g4 Kg6 41.gxh5+ Kxh5 42.Bb5 Bd1 43.Be8+ Kh6
44.Kg4 Be2 45.Ba4 Kg6 46.h5+ Kf6 47.Be8 Kg7 48.Bd7 Kf6 49.Be8 Kg7 50.Bd7 Kf6  1/2-1/2

[Event "48th TCh-SCG"]
[Site "Herceg Novi SCG"]
[Date "2005.05.19"]
[Round "5"]
[White "Markus,R"]
[Black "Jeremic,V"]
[Result "1-0"]
[WhiteElo "2584"]
[BlackElo "2525"]

1.d4 Nf6 2.c4 e6 3.Nf3 b6 4.Nc3 Bb4 5.Bg5 Bb7 6.e3 h6 7.Bh4 g5 8.Bg3 Ne4
9.Qc2 Bxc3+ 10.bxc3 d6 11.Bd3 f5 12.d5 Qf6 13.Bxe4 fxe4 14.Qxe4 Nd7 15.O-O Nc5
16.Qd4 O-O 17.e4 Qxd4 18.cxd4 Nxe4 19.dxe6 g4 20.Nh4 Rf6 21.Rfe1 Rxe6 22.d5 Ree8
23.Bf4 Kh7 24.Nf5 Kg6 25.Nd4 Nc5 26.Nb5 Rxe1+ 27.Rxe1 Rf8 28.g3 Rf7 29.Nxa7 Ba6
30.Nb5 Bxb5 31.cxb5 Rf5 32.Re7 Rxd5 33.h3 h5 34.hxg4 hxg4 35.Rxc7 Nd3 36.a4 Nxf4
37.gxf4 Rd4 38.Rc6 Kf5 39.Rxb6 Rxa4 40.Rb8 Ke4 41.Kg2 Rb4 42.b6 Kd5 43.Kg3 Rb3+
44.Kxg4 Rb2 45.Kg5 Kc6 46.f3 Rb3 47.f5 Rxf3 48.b7 Rg3+ 49.Kf4 Rg1 50.Rd8 Rf1+
51.Kg5 Rg1+ 52.Kf6 Kxb7 53.Rxd6 Kc7 54.Rd2 Rf1 55.Kg6  1-0

[Event "30th Elekes Mem GM"]
[Site "Budapest HUN"]
[Date "2005.05.23"]
[Round "3"]
[White "Berczes,D"]
[Black "Koneru,H"]
[Result "1/2-1/2"]
[WhiteElo "2342"]
[BlackElo "2508"]

1.d4 Nf6 2.Nf3 e6 3.c4 b6 4.Nc3 Bb7 5.a3 d5 6.cxd5 exd5 7.Qa4+ c6 8.Bg5 Be7
9.e3 O-O 10.Bd3 Re8 11.Ne5 h6 12.Bh4 Nfd7 13.Bxe7 Qxe7 14.Nxd7 Nxd7 15.O-O Nf6
16.b4 a5 17.Qb3 axb4 18.axb4 g6 19.Ra4 Rxa4 20.Nxa4 Nd7  1/2-1/2